[Event "Karl Mala Memorial op 12th"]
[Site "Frankfurt"]
[Date "2009.07.17"]
[Round "3"]
[White "Evers, Leo"]
[Black "Peter, Falco"]
[Result "1-0"]
[WhiteElo "2097"]
[BlackElo "1741"]
[PlyCount "105"]
[EventDate "2009.07.16"]
[EventType "swiss"]
[EventRounds "7"]
[EventCountry "GER"]
[SourceTitle "EXT 2010"]
[Source "ChessBase"]
[SourceDate "2010.11.25"]
[SourceVersion "1"]
[SourceVersionDate "2010.11.25"]
[SourceQuality "1"]

1. d4 g6 2. e4 Bg7 3. Be3 e6 4. Nc3 b6 5. f3 Bb7 6. Qd2 a6 7. h4 h6 8. 0-0-0 d6 9. Nge2 Nd7 10. g4 Qe7 11. Kb1 0-0-0 12. Ng3 Qe8 13. Bd3 Ne7 14. Qe2 Nb8 15. Qf2 d5 16. Be2 Rf8 17. g5 hxg5 18. hxg5 f5 19. gxf6 Bxf6 20. e5 Bg7 21. Bg5 Rf7 22. f4 Qd7 23. Bd3 Rdf8 24. Nce2 Nf5 25. Nxf5 gxf5 26. Ng3 Rh8 27. Nh5 Rg8 28. Rdg1 Rff8 29. Rh2 Nc6 30. Rhg2 Rh8 31. Nxg7 Qxg7 32. Bf6 Qh7 33. Bxh8 Rxh8 34. c3 Kb8 35. Qg3 Ka7 36. Qg7 Qh3 37. Rg3 Qh4 38. Qg5 Qh2 39. R3g2 Qh3 40. Qg3 Qh6 41. b3 b5 42. a3 Na5 43. Bc2 Qf8 44. Kb2 c5 45. Qf2 c4 46. b4 Nc6 47. Rg6 Qc8 48. Qg3 Ne7 49. Rg7 Nc6 50. Rg8 Rxg8 51. Qxg8 Qd8 52. Qxe6 Qh4 53. Rg7 1-0

[Event "Karl Mala Memorial op 12th"]
[Site "Frankfurt"]
[Date "2009.07.16"]
[Round "1"]
[White "Feldtmann, Thomas"]
[Black "Peter, Falco"]
[Result "1-0"]
[WhiteElo "2271"]
[BlackElo "1741"]
[PlyCount "47"]
[EventDate "2009.07.16"]
[EventType "swiss"]
[EventRounds "7"]
[EventCountry "GER"]
[SourceTitle "EXT 2010"]
[Source "ChessBase"]
[SourceDate "2010.11.25"]
[SourceVersion "1"]
[SourceVersionDate "2010.11.25"]
[SourceQuality "1"]

1. e4 c5 2. Nf3 b6 3. d4 Bb7 4. Nc3 cxd4 5. Nxd4 Nc6 6. Bg5 Nxd4 7. Qxd4 f6 8. Bd2 e5 9. Qd3 Ne7 10. 0-0-0 Nc6 11. Qg3 Qc8 12. f4 Ba6 13. Kb1 Bxf1 14. Rhxf1 d6 15. Nd5 Qb7 16. Qg4 Qc8 17. Qh5+ Kd8 18. fxe5 Nxe5 19. h3 Qe6 20. Bc3 Be7 21. Bxe5 Qxe5 22. Qf7 Kd7 23. Nxe7 Qxe7 24. Rxd6+ 1-0

[Event "Rhein Main op 10th"]
[Site "Bad Homburg"]
[Date "2007.06.08"]
[Round "4"]
[White "Geringer, Waldemar"]
[Black "Peter, Falco"]
[Result "1-0"]
[WhiteElo "1862"]
[BlackElo "1513"]
[PlyCount "91"]
[EventDate "2007.06.06"]
[EventType "swiss"]
[EventRounds "7"]
[EventCountry "GER"]
[SourceTitle "EXT 2008"]
[Source "ChessBase"]
[SourceDate "2007.11.25"]
[SourceVersion "1"]
[SourceVersionDate "2007.11.25"]
[SourceQuality "1"]

1. d4 f5 2. c4 Nh6 3. Bxh6 gxh6 4. e4 Bg7 5. Qh5+ Kf8 6. Qxf5+ Kg8 7. e5 e6 8. Qe4 Nc6 9. Nf3 Kf7 10. Bd3 Ne7 11. d5 d6 12. Qf4+ Ke8 13. Qg4 Kf7 14. Qh5+ Ng6 15. Nc3 dxe5 16. Nxe5+ Bxe5 17. Bxg6+ hxg6 18. Qxe5 exd5 19. Qf4+ Kg7 20. 0-0-0 c6 21. cxd5 Rf8 22. Qe5+ Qf6 23. Qxf6+ Rxf6 24. d6 Bf5 25. Rhe1 Rd8 26. Ne4 Bxe4 27. Rxe4 Rxf2 28. Re7+ Rf7 29. Rf1 Rxe7 30. dxe7 Re8 31. Kc2 Rxe7 32. Rf2 Re5 33. Kc3 b6 34. Rd2 Kf6 35. Rd7 Re2 36. Rxa7 Rxg2 37. Rc7 Kf5 38. Rxc6 h5 39. Rxb6 g5 40. a4 Rxh2 41. a5 h4 42. Rb5+ Kf4 43. a6 Re2 44. a7 h3 45. a8Q Re3+ 46. Kd2 1-0

[Event "Rhein Main op 10th"]
[Site "Bad Homburg"]
[Date "2007.06.06"]
[Round "1"]
[White "Peter, Falco"]
[Black "Goebel, Andreas"]
[Result "0-1"]
[WhiteElo "1513"]
[BlackElo "2063"]
[PlyCount "70"]
[EventDate "2007.06.06"]
[EventType "swiss"]
[EventRounds "7"]
[EventCountry "GER"]
[SourceTitle "EXT 2008"]
[Source "ChessBase"]
[SourceDate "2007.11.25"]
[SourceVersion "1"]
[SourceVersionDate "2007.11.25"]
[SourceQuality "1"]

1. d4 Nf6 2. Bf4 d5 3. e3 c6 4. Bd3 Bg4 5. Nf3 e6 6. c3 Bd6 7. Bg3 Qc7 8. Qc2 Nbd7 9. Nbd2 a6 10. 0-0-0 e5 11. dxe5 Nxe5 12. Rde1 Nxd3+ 13. Qxd3 0-0-0 14. Bxd6 Qxd6 15. Nd4 Qd7 16. f3 Bh5 17. N2b3 Bg6 18. Qd1 Rhe8 19. Nc5 Qc7 20. Qa4 Qb6 21. Qa3 Nd7 22. Na4 Qc7 23. b4 Ne5 24. Nb2 h5 25. Kd2 f6 26. Rc1 Kb8 27. c4 dxc4 28. Nxc4 Rxd4+ 29. exd4 Nxc4+ 30. Rxc4 Qf4+ 31. Kd1 Re3 32. Qc1 Bf7 33. d5 Qe5 34. Re4 Qxd5+ 35. Qd2 Rd3 0-1

[Event "Karl Mala Memorial op 10th"]
[Site "Griesheim"]
[Date "2006.07.23"]
[Round "6"]
[White "Zimpfer, Andreas"]
[Black "Peter, Falco"]
[Result "1-0"]
[WhiteElo "1655"]
[BlackElo "1478"]
[PlyCount "63"]
[EventDate "2006.07.20"]
[EventType "swiss"]
[EventRounds "7"]
[EventCountry "GER"]
[SourceTitle "CBM 113 Extra"]
[Source "ChessBase"]
[SourceDate "2006.09.14"]
[SourceVersion "1"]
[SourceVersionDate "2006.09.14"]
[SourceQuality "1"]

1. d4 c6 2. c4 Nf6 3. Nc3 d5 4. e3 Ne4 5. Nxe4 dxe4 6. f3 Bf5 7. fxe4 Bxe4 8. Nf3 Nd7 9. Be2 e6 10. 0-0 Bd6 11. Qe1 Be7 12. b3 h5 13. Bb2 Bf6 14. Rd1 Bxf3 15. Bxf3 Qc7 16. e4 0-0-0 17. e5 Be7 18. d5 Bc5+ 19. Kh1 Nb8 20. b4 Qb6 21. a3 g5 22. Qe2 Bf8 23. Be4 Qc7 24. Qf2 f5 25. exf6 Bd6 26. dxe6 Be5 27. e7 Rxd1 28. Rxd1 b6 29. Qf5+ Nd7 30. Bxe5 Qb7 31. f7 a6 32. e8Q+ 1-0

[Event "Karl Mala Memorial op 10th"]
[Site "Griesheim"]
[Date "2006.07.20"]
[Round "1"]
[White "Peter, Falco"]
[Black "Beherzig, Ralf"]
[Result "0-1"]
[WhiteElo "1478"]
[BlackElo "2054"]
[PlyCount "52"]
[EventDate "2006.07.20"]
[EventType "swiss"]
[EventRounds "7"]
[EventCountry "GER"]
[SourceTitle "CBM 113 Extra"]
[Source "ChessBase"]
[SourceDate "2006.09.14"]
[SourceVersion "1"]
[SourceVersionDate "2006.09.14"]
[SourceQuality "1"]

1. d4 Nf6 2. Bf4 d5 3. Nf3 e6 4. e3 c5 5. c3 Nc6 6. Nbd2 Bd7 7. Bd3 cxd4 8. exd4 Be7 9. h3 Rc8 10. a3 0-0 11. Qc2 g6 12. h4 Qb6 13. g4 e5 14. Nxe5 Nxd4 15. Qd1 Ne6 16. Nxd7 Nxd7 17. Be3 Bc5 18. Bxc5 Nexc5 19. Be2 Rfe8 20. 0-0 Qxb2 21. h5 Qxc3 22. hxg6 fxg6 23. Nf3 Nb6 24. Nd4 Ne4 25. Bb5 Rf8 26. a4 Nd2 0-1

[Event "Rhein Main op 09th"]
[Site "Bad Homburg"]
[Date "2006.06.18"]
[Round "6.42"]
[White "Kempf, Alexander"]
[Black "Peter, Falco"]
[Result "0-1"]
[WhiteElo "1654"]
[BlackElo "1380"]
[PlyCount "62"]
[EventDate "2006.06.14"]
[EventType "swiss"]
[EventRounds "7"]
[EventCountry "GER"]
[SourceTitle "EXT 2007"]
[Source "ChessBase"]
[SourceDate "2006.11.23"]
[SourceVersion "1"]
[SourceVersionDate "2006.11.23"]
[SourceQuality "1"]

1. e4 c5 2. Nf3 Nc6 3. d4 e6 4. Nc3 a6 5. Be3 Qb6 6. Na4 Qa5+ 7. c3 cxd4 8. Nxd4 b5 9. Nxc6 dxc6 10. Nc5 Nf6 11. f3 Be7 12. b4 Qc7 13. a4 Nd7 14. axb5 Nxc5 15. bxc5 0-0 16. b6 Qe5 17. Bd4 Qh5 18. Ra5 Bh4+ 19. Bf2 Rd8 20. Qc2 Bg5 21. Bd3 Qh6 22. 0-0 Be3 23. Qe2 Bxf2+ 24. Rxf2 Qc1+ 25. Qf1 Qxc3 26. Rxa6 Bxa6 27. Bxa6 Qxc5 28. b7 Rxa6 29. Qxa6 Rd1+ 30. Qf1 Rxf1+ 31. Kxf1 Qb5+ 0-1

[Event "Rhein Main op 09th"]
[Site "Bad Homburg"]
[Date "2006.06.18"]
[Round "7.35"]
[White "Winterberg, Lukas"]
[Black "Peter, Falco"]
[Result "0-1"]
[WhiteElo "1799"]
[BlackElo "1380"]
[PlyCount "82"]
[EventDate "2006.06.14"]
[EventType "swiss"]
[EventRounds "7"]
[EventCountry "GER"]
[SourceTitle "EXT 2007"]
[Source "ChessBase"]
[SourceDate "2006.11.23"]
[SourceVersion "1"]
[SourceVersionDate "2006.11.23"]
[SourceQuality "1"]

1. d4 f5 2. Qd3 d5 3. g4 fxg4 4. h3 Nf6 5. hxg4 Bxg4 6. Bh3 Qd7 7. f3 Bxh3 8. Nxh3 Qd6 9. Bf4 Qb6 10. Nc3 Nbd7 11. Nb5 Rc8 12. Ng5 g6 13. Nxc7+ Rxc7 14. Bxc7 Qxc7 15. 0-0-0 Qf4+ 16. Qd2 Qd6 17. e4 e5 18. dxe5 Nxe5 19. exd5 Be7 20. Ne4 Nxe4 21. fxe4 0-0 22. Qh6 Rf7 23. Rdf1 Ng4 24. Qh3 Nf6 25. Qe3 Qa6 26. Qb3 Bd6 27. Kb1 Nxe4 28. Rd1 Nf2 29. Rhf1 Nxd1 30. Rxf7 Kxf7 31. Qf3+ Kg7 32. Qxd1 Be5 33. c3 Qc4 34. Qf3 h5 35. d6 Qc6 36. Qxc6 bxc6 37. d7 Bc7 38. b4 h4 39. c4 h3 40. a4 h2 41. b5 h1Q+ 0-1

[Event "Rhein Main op 08th"]
[Site "Bad Homburg"]
[Date "2005.05.27"]
[Round "4"]
[White "Peter, Falco"]
[Black "Marchese, Gaspare"]
[Result "0-1"]
[WhiteElo "1296"]
[BlackElo "1649"]
[PlyCount "26"]
[EventDate "2005.05.25"]
[EventType "swiss"]
[EventRounds "7"]
[EventCountry "GER"]
[SourceTitle "EXT 2006"]
[Source "ChessBase"]
[SourceDate "2005.11.24"]
[SourceVersion "1"]
[SourceVersionDate "2005.11.24"]
[SourceQuality "1"]

1. b4 Nf6 2. Bb2 e5 3. a3 Bd6 4. e3 c6 5. c4 0-0 6. Nc3 Bc7 7. Nf3 d5 8. Be2 d4 9. Na4 d3 10. Bf1 e4 11. Nd4 Ng4 12. h4 b6 13. f3 Bg3# 0-1

[Event "Karl Mala Memorial op 08th"]
[Site "Frankfurt"]
[Date "2004.07.23"]
[Round "3"]
[White "Peter, Falco"]
[Black "Koellner, Ulrich"]
[Result "1-0"]
[WhiteElo "1094"]
[BlackElo "1706"]
[PlyCount "79"]
[EventDate "2004.07.22"]
[EventType "swiss"]
[EventRounds "7"]
[EventCountry "GER"]
[SourceTitle "EXT 2005"]
[Source "ChessBase"]
[SourceDate "2004.11.15"]
[SourceVersion "1"]
[SourceVersionDate "2004.11.15"]
[SourceQuality "1"]

1. d4 Nf6 2. g3 g6 3. Bf4 Bg7 4. Qd2 c5 5. Bg2 cxd4 6. Qxd4 Nh5 7. Qb4 Nxf4 8. gxf4 Nc6 9. Qa3 Nd4 10. Be4 Qc7 11. Nc3 0-0 12. e3 Nc6 13. Nge2 e6 14. h4 d5 15. Bd3 Qb6 16. 0-0-0 d4 17. Na4 Qa5 18. Be4 Rd8 19. Ng3 Bd7 20. Nc5 Qxa3 21. bxa3 Bf8 22. Nxd7 Bxa3+ 23. Kd2 Rxd7 24. Ke2 Rad8 25. h5 Bc5 26. Bxc6 bxc6 27. Ne4 Be7 28. c4 dxc3 29. Rxd7 Rxd7 30. Nxc3 Rb7 31. Kf3 Rb2 32. a4 Rc2 33. Ne2 Ra2 34. Nc3 Ra3 35. Rc1 c5 36. Ne4 Rxa4 37. Nxc5 Ra5 38. Ne4 Rxh5 39. Rc7 f5 40. Ng3 1-0